| 000 | 01315nam a22002657a 4500 | ||
|---|---|---|---|
| 005 | 20170124103144.0 | ||
| 010 | _aB-070774 | ||
| 020 |
_c250.00 _a8188066001 |
||
| 035 | _aB-070774 | ||
| 037 | _bCen Lib/Ret | ||
| 040 |
_aDPL _bHN |
||
| 082 |
_a509 _bसरड |
||
| 100 |
_aसर डब्ल्यू सी. डैम्पियर _985632 |
||
| 245 |
_aविज्ञान का संक्षिप्त इतिहास / _cसर डब्ल्यू सी. डैम्पियर; संपादक एम.एन. राय |
||
| 246 |
_aVigyan ka sankshipt itihas / _bby Sir W.C. Daimpiyar; sampadak M.N. Ray |
||
| 260 |
_aदिल्ली _bदिल्ली पुस्तक सदन _c2002 |
||
| 270 |
_bदिल्ली _a30/36, गली-9, विश्वास नगर, शाहदरा _e110032 |
||
| 300 |
_a215पृ. _c21सेमी (सजिल्द) |
||
| 650 |
_aविज्ञान--इतिहास _9239 |
||
| 650 |
_aनए नए अविष्कार--मानव सभ्यता का विकास _985633 |
||
| 650 |
_aScience--History _917841 |
||
| 650 |
_aNew invention--The development of human civilization _985634 |
||
| 700 |
_aराय, एम.एन. _942260 |
||
| 942 |
_2ddc _cHN _h509 _mसरड |
||
| 999 |
_c119572 _d119572 |
||